| 000 | 00874cam a2200241 4500 | ||
|---|---|---|---|
| 008 | 090401t1992 xxu||||| |||| 00| 0 eng d | ||
| 020 | _a187432607X | ||
| 035 | _a(Sirsi) u59075 | ||
| 041 | _aeng | ||
| 050 | _a333.33709421 | ||
| 110 |
_aSociety of Property Researchers _923 |
||
| 245 | _aLondon as a business location: analysis of responses given in 51 face-to-face interviews with foreign-owned firms in London, Summer 1992. | ||
| 260 |
_aLondon _bSociety of Property Researchers _c1992 |
||
| 300 | _aiii,30p. ; 30cm. | ||
| 350 | _a10 | ||
| 520 | _aSociety of Property Researchers Research Programme STAGE 1. Survey research carried out by Jeremy Luscombe Research. | ||
| 650 | _aPROPERTY-COMMERCIAL PROPERTY | ||
| 650 | _aOFFICES | ||
| 690 | _aPROPERTY-COMMERCIAL PROPERTY | ||
| 710 |
_aJeremy Luscombe Research _92544 |
||
| 942 | _n0 | ||
| 948 | _c04/03/1997 | ||
| 999 |
_c94125 _d94125 |
||